LEADER 03305oam 2200721I 450 001 9910784056003321 005 20230207225313.0 010 $a1-134-44292-0 010 $a0-415-28823-1 010 $a1-134-44293-9 010 $a1-280-54689-1 010 $a0-203-21821-3 024 7 $a10.4324/9780203218211 035 $a(CKB)1000000000256186 035 $a(EBL)180847 035 $a(OCoLC)56344404 035 $a(SSID)ssj0000313461 035 $a(PQKBManifestationID)11212645 035 $a(PQKBTitleCode)TC0000313461 035 $a(PQKBWorkID)10358554 035 $a(PQKB)10408283 035 $a(MiAaPQ)EBC180847 035 $a(Au-PeEL)EBL180847 035 $a(CaPaEBR)ebr10100987 035 $a(CaONFJC)MIL54689 035 $a(EXLCZ)991000000000256186 100 $a20180331h20032002 uy 0 101 0 $aeng 135 $aur|n|---||||| 181 $ctxt 182 $cc 183 $acr 200 10$aWomen and the family in Chinese history /$fPatricia Buckley Ebrey 210 1$aLondon ;$aNew York :$cRoutledge,$d2003, c2002. 215 $a1 online resource (302 p.) 225 1 $aCritical Asian scholarship 300 $aDescription based upon print version of record. 311 $a0-203-29475-0 311 $a0-415-28822-3 320 $aIncludes bibliographical references and index. 327 $aBook Cover; Title; Contents; List of illustrations; Acknowledgments; Introduction; Women, money, and class: Sima Guang and Song Neo-Confucian views on women; Concubines in Song China; Shifts in marriage finance from the sixth to the thirteenth century; The early stages in the development of descent group organization; Cremation in Song China; Surnames and Han Chinese identity; Rethinking the imperial harem: Why were there so many palace women?; Gender and sinology: shifting Western interpretations of footbinding, 1300 1890; Notes; References; Index 330 $aThis is a collection of essays by one of the leading scholars of Chinese history, Patricia Buckley. In the essays she has selected for this fascinating volume, Professor Ebrey explores features of the Chinese family, gender and kinship systems as practices and ideas intimately connected to history and therefore subject to change over time. The essays cover topics ranging from dowries and the sale of women into forced concubinary, to the excesses of the imperial harem, excruciating pain of footbinding, and Confucian ideas of womanly virtue.Patricia Ebrey places these sociological anal 410 0$aCritical Asian scholarship. 606 $aWomen$zChina$xHistory 606 $aWomen$zChina$xSocial conditions 606 $aWomen$zChina$xSocial life and customs 606 $aFamilies$zChina$xHistory 606 $aKinship$zChina$xHistory 607 $aChina$xSocial life and customs 615 0$aWomen$xHistory. 615 0$aWomen$xSocial conditions. 615 0$aWomen$xSocial life and customs. 615 0$aFamilies$xHistory. 615 0$aKinship$xHistory. 676 $a306.85/0951 700 $aEbrey$b Patricia Buckley$f1947,$01467332 801 0$bMiAaPQ 801 1$bMiAaPQ 801 2$bMiAaPQ 906 $aBOOK 912 $a9910784056003321 996 $aWomen and the family in Chinese history$93677928 997 $aUNINA LEADER 02436nam 22005053a 450 001 9910647377503321 005 20230124202157.0 010 $a9781800732957 010 $a1800732953 024 8 $ahttps://doi.org/10.3167/9781782382263 035 $a(CKB)4950000000715515 035 $a(ScCtBLL)cfaf881b-b7d7-4894-95f0-bf0499d1e958 035 $a(DE-B1597)658638 035 $a(DE-B1597)9781800732957 035 $a(oapen)doab81405 035 $a(EXLCZ)994950000000715515 100 $a20220603i20132022 uu 101 0 $aeng 135 $auru|||||||||| 181 $ctxt$2rdacontent 182 $cc$2rdamedia 183 $acr$2rdacarrier 200 00$aScreening Nature : $eCinema Beyond the Human /$fAnat Pick, Guinevere Narraway 210 $cBerghahn Books$d2013 210 1$a[s.l.] :$cBerghahn Books,$d2013. 215 $a1 online resource 311 08$a9781800739413 311 08$a1800739419 330 $aEnvironmentalism and ecology are areas of rapid growth in academia and society at large. Screening Nature is the first comprehensive work that groups together the wide range of concerns in the field of cinema and the environment, and what could be termed "posthuman cinema." It comprises key readings that highlight the centrality of nature and nonhuman animals to the cinematic medium, and to the language and institution of film. The book offers a fresh and timely intervention into contemporary film theory through a focus on the nonhuman environment as principal register in many filmic texts. Screening Nature offers an extensive resource for teachers, undergraduate students, and more advanced scholars on the intersections between the natural world and the worlds of film. It emphasizes the cross-cultural and geographically diverse relevance of the topic of cinema ecology. 606 $aPerforming Arts / Film / History & Criticism$2bisacsh 606 $aSocial Science / Popular Culture$2bisacsh 606 $aPerforming arts 615 7$aPerforming Arts / Film / History & Criticism 615 7$aSocial Science / Popular Culture 615 0$aPerforming arts. 676 $a791.409 702 $aPick$b Anat 702 $aNarraway$b Guinevere 712 02$aKnowledge Unlatched$4fnd$4http://id.loc.gov/vocabulary/relators/fnd 801 0$bScCtBLL 801 1$bScCtBLL 906 $aBOOK 912 $a9910647377503321 996 $aScreening Nature$93012166 997 $aUNINA